Central Library OPAC University of Rajshahi

A world of songs : (Record no. 84866)

MARC details
000 -LEADER
fixed length control field 00711nam a2200205 a 4500
001 - CONTROL NUMBER
control field 84866
003 - CONTROL NUMBER IDENTIFIER
rucl marc code BD-RjUL
005 - DATE AND TIME OF LATEST TRANSACTION
control field 20250428105622.0
008 - FIXED-LENGTH DATA ELEMENTS--GENERAL INFORMATION
fixed length control field 250428n1965 |||||||| |||| 00| 0 eng d
035 ## - SYSTEM CONTROL NUMBER
System control number (BD-RjUL)84866
040 ## - CATALOGING SOURCE
Original cataloging agency BD-RjUL
Language of cataloging eng
Transcribing agency BD-RjUL
041 ## - LANGUAGE CODE
Language code of text/sound track or separate title eng
082 ## - DEWEY DECIMAL CLASSIFICATION NUMBER
Edition number 23
Classification number 781.62
Author mark and year WOR 1965
245 ## - TITLE STATEMENT
Title A world of songs :
Remainder of title Specially prepared as comanion volume to "Recreation ideas" /
Statement of responsibility, etc. lorna pena-reyes community arts workshop, School of music
260 ## - PUBLICATION, DISTRIBUTION, ETC. (IMPRINT)
Place of publication, distribution, etc. Dumaguete City, Philippines :
Name of publisher, distributor, etc. Silliman music foundation,
Date of publication, distribution, etc. [1965?]
300 ## - PHYSICAL DESCRIPTION
Pagination 82 p.:
Illustrations ill.;
Size 25 cm.
650 ## - SUBJECT ADDED ENTRY--TOPICAL TERM
Topical term or geographic name as entry element Folk music
710 ## - ADDED ENTRY--CORPORATE NAME
Corporate name or jurisdiction name as entry element lorna pena-reyes community arts workshop, School of music
9 (RLIN) 15346
942 ## - ADDED ENTRY ELEMENTS (KOHA)
Source of classification or shelving scheme Dewey Decimal Classification
Koha item type Books
Holdings
Lost status Source of classification or shelving scheme Damaged status Not for loan Collection code Permanent Location Current Location Shelving location Date acquired Source of acquisition Cost, normal purchase price Total Checkouts Full call number Date last seen Copy number Koha item type
  Dewey Decimal Classification   Not For Loan Non-fiction Central Library, University of Rajshahi Central Library, University of Rajshahi Reading Room 08/06/1965 Orient 1.00   781.62 WOR 1965 28/04/2025 C-1 Books
  Dewey Decimal Classification     Non-fiction Central Library, University of Rajshahi Central Library, University of Rajshahi General Stacks 08/06/1965 Orient 1.00   781.62 WOR 1965 28/04/2025 C-2 Books